LEADER 00998nam a2200253 i 4500 001 000000177412 003 CaOOAMICUS 005 20090204000000.0 008 090204s1998 it u000 u ita u 013 $a154946 040 $aSeMil$bita 100 1 $aMonet, Claude.$0(OLS)http://semarc/name/45322 245 10$aMonet :$bCattedrale di Rouen. 260 $aMilano :$bRCS Rizzoli Libri,$ccopyr. 1998. 300 $a48 p. :$briccamente ill. ;$c31 cm. 490 0 $aCento dipinti 500 $aDono di don Romano Martinelli. 650 4$aMonet, Claude <1840-1926> . Cattedrale di Rouen.$0(OLS)http://semarc/subject/33857 830 0$aCento dipinti.$0(OLS)http://semarc/title/27224 850 $aSeMil 852 $aSeMil$W1$xVenegono$y1$m5T VII 43$j128223$B128223$CSeMilBibl$Z2$F139065 $81 961 $aOmaggio: Martinelli don Romano 996 $6245$aMonet :$bCattedrale di Rouen$9(OLS)http://semarc/title/254802 996 $6260$aMilano :$bRCS Rizzoli Libri$9(OLS)http://semarc/publisher/30293 LEADER 01140nam a2200241 i 4500 001 000000073612 003 CaOOAMICUS 005 20131021000000.0 008 131021s1842 it u000 u ita u 013 $a44784 040 $aSeMil$bita 100 1 $aBertrand, Giambattista.$0(OLS)http://semarc/name/36383 245 10$aConfutazione del sistema dell'idea non-nata dell'essere di Antonio Rosmini-Serbati /$cdell'avvocato G. B. Bertrand ... autore della Grammatica ideologica. 260 $aMilano :$bGiuseppe Chiusi,$c1842. 300 $a296 p. ;$c17 cm. 600 14$aRosmini Serbati, Antonio .$0(OLS)http://semarc/subject/791 650 4$aRosmini Serbati, Antonio - Pensiero filosofico.$0(OLS)http://semarc/subject/157 850 $aSeMil 852 $aSeMil$W1$xVenegono$y1$m2R I 57 FA$j39764$B39764$CSeMilBibl$Z2$F39768 $8I 941 1 $a10 961 $aRecupero: Mantegazza 996 $6245$aConfutazione del sistema dell'idea non-nata dell'essere di Antonio Rosmini-Serbati$9(OLS)http://semarc/title/118861 996 $6260$aMilano :$bGiuseppe Chiusi$9(OLS)http://semarc/publisher/34807